000 01191nam a2200337 a 4500
001 000111884
003 CHAP
005 20240520133519.0
008 150928s2012 mx a |r| |||||||spa d
010 _a108345
011 _a109317
040 _cCHAP
090 _aFolleto 1473
100 1 _aRiegelhaupt, Enrique
_9129879
245 1 0 _aInforme final :
_binventario de proyectos de investigación, desarrollo y transferencia de tecnologías en materia de bioenergéticos /
_cpor Enrique Riegelhaupt, Laura Cecotti y Juan Pablo Gutiérrez.
260 _aMorelia, Mich. :
_bRed Mexicana de Bioenergía :
_bCOFUPRO :
_bSAGARPA,
_cc2012.
300 _a26 p. :
_bil.
_e+ CD (4 3/4 Plg.)
590 _aE11695DGD
_b10
_c20150929
590 _aE6096MTM
_b05
_c20150928
590 _aE6096MTM
_b05
_c20150928
650 1 4 _aAgricultura
_xInnovaciones tecnológicas.
_91565
650 1 4 _aAgricultura
_xInvestigación.
_91577
650 1 4 _aBioenergética.
_912730
650 1 4 _aBioenergía.
_912731
650 1 4 _aTransferencia de tecnología.
_9114619
700 1 _aCecotti, Laura
_9129880
700 1 _aGutiérrez, Juan Pablo
_9129881
901 _aBK
942 _cFOLL
_2ddc
942 _n0
_2ddc
999 _c108345
_d108345